Algoritmos para grafos y flujos en redes /

Guardado en:
Autor Principal: Aguilera, Néstor E.
Formato: Libro
Idioma:Spanish
Publicado: Santa Fe, Argentina : PEMA-GTM, 1990.
Series:Cuadernos de matemática y mecánica. Serie Cursos y seminarios ; no. 5
Etiquetas: Agregar Etiqueta
Sin Etiquetas, Sea el primero en etiquetar este registro!
LEADER 00705nam a22001695a 4500
001 MAT.inmabb003126
008 051027s1990####ag#a#####b####000#0#spa#d
005 20170904171527.0
245 1 0 |a Algoritmos para grafos y flujos en redes /  |c Néstor E. Aguilera. 
260 |a Santa Fe, Argentina :  |b PEMA-GTM,  |c 1990. 
300 |a iii, 209 p. :  |b il. ;  |c 22 cm. 
440 0 |a Cuadernos de matemática y mecánica.  |p Serie Cursos y seminarios ;  |v no. 5 
500 |a Notas de un curso dictado en la Facultad de Ingeniería Química de la Universidad Nacional del Litorial en 1990. 
504 |a Bibliografía: p. 209. 
100 1 |a Aguilera, Néstor E. 
084 |a 90C35 (90-01)  |2 msc2000 
859 |h 90  |i Ag283  |p A-9144  |b BIB. MATEMATICA